00330nam a22001217a 4500003000400000008004100004082002300045100001600068245007100084260002900155300000700184502001700191OSt250730b |||||||| |||| 00| 0 eng d a362.70954123bK96S aRiya Kumari a'Study on Sukanya Samriddhi Yojna in Samastipur Districe of Bihar" aRPCAU, PusabHSECMc2024 a71 bM.SC.(HSECM)